| 000 | nam a22 a 4500 | ||
|---|---|---|---|
| 999 |
_c146321 _d146321 |
||
| 003 | BLK | ||
| 005 | 20230201122927.0 | ||
| 008 | 180410b bul|||||r ||||||| ||bul|| | ||
| 010 | _aKNG00152508000 | ||
| 020 | _a954-8060-58-2 | ||
| 040 | _aBLK | ||
| 041 |
_aBUL _cBUL |
||
| 080 |
_aЛитература на отделни езици и езикови семейства _b821 _x-93-34 _z821-93-34 |
||
| 139 |
_aКотаракът в чизми и други приказки за котките от цял свят _bК 87 |
||
| 245 | 1 | 0 |
_aКотаракът в чизми и други приказки за котките от цял свят _bСб. _cсъстав. Славчо Николов; худож. Валентин Голешев. |
| 257 | _aSB | ||
| 260 |
_aШумен _bСлавчо Николов и сие _c1992 |
||
| 300 |
_a88 с. _bс цв. ил. _c20 см |
||
| 380 | _aDX | ||
| 500 | _a15 000 тир. | ||
| 653 | _aдетска литература | ||
| 653 | _aлитература за деца | ||
| 653 | _aсборници | ||
| 700 | 1 |
_aНиколов, Славчо _eсъстав. _9363593 |
|
| 700 | 1 |
_aГолешев, Валентин _eхудож. _9319140 |
|
| 852 | _aЦб 262750 | ||
| 856 | 4 |
_qpdf _i0.00 _ldisable |
|
| 856 | 4 |
_qpdf _i0.00 _ldisable |
|
| 942 |
_cKNG _n0 _03 _s1 |
||
| 944 |
_aCR _c24.10.2013 _l24.10.2013 - от С1,Р / 24.10.2013 _kИвелин_Чалов |
||
| 944 |
_aED _c24.10.2013 _l24.10.2013 - от С1,Р / 24.10.2013 |
||
| 999 | _d146321 | ||